| 000 | 01576cam a22004214i 4500 | ||
|---|---|---|---|
| 003 | PE-LiUPU | ||
| 005 | 20250731175626.0 | ||
| 008 | 181221s2018 miua rb 001 0 eng | ||
| 020 | _a0310555647 | ||
| 020 | _a9780310555643 | ||
| 035 | _a(Sirsi) a251133 | ||
| 049 | _aPRUA | ||
| 082 | 0 | 4 |
_a481.6 _bL37 _223 |
| 100 | 1 |
_aLee, John A. L., _d1942- _eautor. |
|
| 245 | 0 | 0 |
_aBasics of Greek accents : _beight lessons with exercises / _cJohn A. L. Lee. |
| 264 | 1 |
_aGrand Rapids : _bZondervan, _c[2018]. |
|
| 300 |
_a110 páginas : _bilustraciones; _c19 centímetros |
||
| 336 |
_atext _2rdacontent |
||
| 337 |
_aunmediated _2rdamedia |
||
| 338 |
_avolume _2rdacarrier |
||
| 504 | _aBibliografía: páginas 69-70. | ||
| 504 | _aÍndice: páginas 104-110. | ||
| 505 | 0 | _aThe basic rules -- Verbs -- Nouns and adjectives -- Good words to know -- More about nouns and adjectives -- Contraction -- Enclitics -- Scaling the heights. | |
| 526 | _aP145 | ||
| 526 | _aP127 | ||
| 526 | _aP97 | ||
| 526 | _aP35 | ||
| 526 | _aP14 | ||
| 526 | _aP07 | ||
| 650 | 0 |
_aLengua griega _xAcentos y acentuación. |
|
| 650 | 0 |
_aLengua griega, bíblica _xAcentos y acentuación. |
|
| 910 |
_adbm _brri _crri _d20181221 |
||
| 942 |
_2ddc _cBOOK |
||
| 994 |
_aC0 _bPEPRU |
||
| 596 | _a1 | ||
| 999 |
_a481.6 L37 _wDEWEY _c30583 _i79381 _f2021-11-11 _g4 _lCCODEBUL1 _mBUL _p8.99 _r0 _sY _tBOOK _u2018-12-21 _xTEOLOGIA _PP85 _0COMPRA _1FCOMPR2 _o.STAFF. Colección Teología _d30583 |
||
| 980 |
_81 _gALBERTO SANCHEZ Responsable de Automatización |
||